| 000 | 00433cam a2200169ua 4500 | ||
|---|---|---|---|
| 003 | OSt | ||
| 008 | 240222b |||||||| |||| 00| 0 eng d | ||
| 041 | _aeng | ||
| 082 |
_a631.18 _bCHA/RI |
||
| 100 |
_aChandrasekharan, B . _96084 |
||
| 245 | _aRice science / | ||
| 260 |
_aJodhpur : _bScientific Publishers , _c2008. |
||
| 300 |
_a667 ; _eCD. |
||
| 700 | 1 |
_aAnnadurai, K . _91186 |
|
| 700 | 1 |
_aKavimani, R . _96085 |
|
| 942 | _cBK | ||
| 999 |
_c13290 _d13290 |
||